Augsburg Wahrzeichen - Statistiken

Allgemein
  • Dieses Quiz wurde 84 mal gespielt
    81 seit der letzten Aktualisierung
  • Das Durchschnittsergebnis liegt bei 8 aus 12
Antwortstatistiken
Bildquiz Antwort % Korrekt
Rathaus
98%
Puppenkiste
95%
Dom
86%
Königsplatz
84%
Fuggerei
83%
Goldener Saal
75%
Perlachturm
65%
Rotes Tor
65%
Vogeltor
37%
Fischertor
33%
Weberhaus
33%
Ulrich und Afra
8%
Keine übereinstimmenden Quizze gefunden
Verteilung der Resultate
Anzahl Personen mit jedem Resultat
Perzentil nach korrekt beantworteten Fragen
Ihre Resultats-Entwicklung
Sie haben dieses Quiz seit der letzten Aktualisierung nicht gespielt